Taller de Matemáticas en la E.S.O
Uloženo v:
| Hlavní autoři: | , , , , , , |
|---|---|
| Médium: | Kniha |
| Jazyk: | španělština |
| Vydáno: |
Madrid
Narcea
1994
Madrid Ministerio de Educación y Ciencia 1994 |
| Vydání: | 1a. ed |
| Edice: | Matemáticas
|
| Témata: | |
| Tagy: |
Přidat tag
Žádné tagy, Buďte první, kdo vytvoří štítek k tomuto záznamu!
|
MARC
| LEADER | 00000nam a2200000 a 4500 | ||
|---|---|---|---|
| 001 | UCH5329 | ||
| 003 | CL-VaPUC | ||
| 008 | 091014e19940000sp |||||||||||||||||spa|d | ||
| 082 | 0 | 4 | |a 372.7 |b ANT |2 21 |
| 100 | |a Antón Bozal, Juan Luis |e author |9 532037 | ||
| 700 | 0 | |a González Ferreras, F |e author |9 541606 | |
| 700 | 0 | |a González García, C |e author |9 541607 | |
| 700 | 0 | |a Llorente Medrano, J |e author |9 541608 | |
| 700 | 0 | |a Montamarta Prieto, G |e author |9 541609 | |
| 700 | 0 | |a Rodríguez Rodrigo, J.A |e author |9 541610 | |
| 700 | 0 | |a Ruiz Jimémez, M. J |e author |9 541611 | |
| 245 | 1 | 0 | |a Taller de Matemáticas en la E.S.O |
| 250 | |a 1a. ed | ||
| 300 | |a 3 v | ||
| 942 | |c BK | ||
| 945 | |d 20091014 00:00:00 |a ccalabra | ||
| 260 | |a Madrid |b Narcea |c 1994 | ||
| 260 | |a Madrid |b Ministerio de Educación y Ciencia |c 1994 | ||
| 500 | |a Materiales 12-16 para educación secundaria | ||
| 500 | |a Guía para el profesorado, v. 1 | ||
| 500 | |a Actividades sobre formas y figuras, v. 2 | ||
| 500 | |a Actividades sobre resolución de problemas y juegos de lógica y estrategia, v. 3 | ||
| 500 | |a Carpeta | ||
| 650 | 0 | |a Educación |9 258661 | |
| 650 | 7 | |a EJERCICIOS DE MATEMATICAS |2 CL-VaPUC |9 523499 | |
| 650 | 0 | |a Libros de texto |9 270019 | |
| 583 | |a last modification |c 20171127 04:42:55 |k Rodrigo Vera | ||
| 490 | 0 | |a Matemáticas | |
| 999 | |c 336492 |d 336490 | ||